| 000 | 02516nam0a2200385 4500 | ||
|---|---|---|---|
| 001 | RU\NLR\bibl\1880185 | ||
| 005 | 20260408072447.0 | ||
| 010 |
_a978-5-98498-060-9 _9500 |
||
| 021 |
_aRU _b2012-12743 _9959 |
||
| 035 | _a(NLR Aleph) 001869958 | ||
| 090 |
_a2647494 _c2647494 |
||
| 100 | _a20120315d2011 |||y0rusy50 ca | ||
| 101 | 0 | _arus | |
| 102 | _aRU | ||
| 105 | _aa ||||||||| | ||
| 200 | 1 |
_aСтратегические аспекты современного учета в системе развития национальных стандартов и адаптации к МСФО _eмеждународная научно-практическая конференция _e[Бакановские чтения - 2010] (Орел, 29 октября 2010 г.) _eматериалы конференции _fпод общ. ред. д.э.н., проф. Н.А. Лытневой |
|
| 210 |
_aОрел _cИзд-во ОрелГиэт _d2011 |
||
| 215 |
_a179 с. _cил. _d21 |
||
| 300 | _aНа обл. подзаг.: сборник научных трудов | ||
| 300 | _aВ надзаг.: М-во образования и науки Рос. Федерации, Орл. гос. ин-т экономики и торговли | ||
| 300 | _aНа тит. л.: 50 ОрелГИЭТ | ||
| 320 | _aБиблиогр. в конце ст. | ||
| 606 | 1 |
_aБухгалтерский учет _jСъезды, совещания и т.п. _yРоссийская Федерация _92073607 _3RU\NLR\auth\661248526 |
|
| 606 | 1 |
_aНалоговый учет _jСъезды, совещания и т.п. _yРоссийская Федерация _92265526 _3RU\NLR\auth\661358135 |
|
| 686 | _aУ052.9(2)2я431 | ||
| 686 | _aУ052.9(2)226.141.3я431 | ||
| 702 | 1 |
_4340 _7ca _8rus _aЛытнева _bН. А. _gНаталья Алексеевна _926611 _3RU\NLR\auth\7743668 |
|
| 711 | 1 | 2 |
_a"Стратегические аспекты современного учета в системе развития национальных стандартов и адаптации к МСФО", международная научно-практическая конференция _eОрел _f2010 _9316327 _3RU\NLR\AUTH\8810214986 |
| 801 | 0 |
_aRU _bNLR _c20120315 _gRCR |
|
| 801 | 1 |
_aRU _bNLR _c20120315 |
|
| 830 | _aред. по базе | ||
| 942 | _cBOOK | ||
| 980 | _aNB | ||
| 980 | _aNBR | ||